Monitoreo ambiental rural : (Registro nro. 18243)

Detalles MARC
000 -CABECERA
Campo de control 02065nam a22004457a 4500
005 - FECHA Y HORA DE LA ULTIMA TRANSACCION
Campo de control 20160317143648.0
008 - ELEMENTOS DE LONGITUD FIJA—INFORMACION GENERAL
Campo de control 160317b2012 ag ao fr|||| 001 0 spa d
020 ## - ISBN
ISBN 9789875212343
040 ## - FUENTE DE CATALOGACIÓN
Agencia catalogadora original CO-BoIAVH
Agencia transcriptora CO-BoIAVH
041 0# - IDIOMA
Código de idioma para texto/pista de sonido o título separado Español
044 ## - PAÍS DE PUBLICACIÓN
País de publicación Argentina
082 04 - NUMERO DE CLASIFICACION DECIMAL DEWEY
Número de clasificación 333.7
Número del ítem Z13m
100 1# - ASIENTO PRINCIPAL--NOMBRE PERSONAL
Nombre personal Zaccagnini, María Elena
9 (RLIN) 64394
245 10 - MENCION DE TITULO
Título Monitoreo ambiental rural :
Parte restante del título una guía de herramientas seguir y entender el estado y tendencias de los recursos naturales, la biodiversidad y la calidad de vida en campos bajo producción agropecuaria, utilizando métodos sencillos, mínima inversión de tiempo y dinero /
Mención de responsabilidad María Elena Zaccagnini [y otros 13]
246 ## - FORMA VARIANTE DEL TITULO
Título propiamente dicho/forma breve del título Monitoreo ambiental rural :
Parte restante del título versión ampliada y revisada de monitoreo ambiental en establecimientos agropecuarios 2007
246 ## - FORMA VARIANTE DEL TITULO
Título propiamente dicho/forma breve del título Monitoreo ambiental en establecimientos agropecuarios
250 ## - MENCION DE EDICION
Mención de edición Segunda edición
260 ## - PUBLICACION, DISTRIBUCION, ETC. (PIE DE IMPRENTA)
Lugar de publicación, distribución, etc. Buenos Aires :
Nombre del editor, distribuidor, etc. Instituto Nacional de Tecnología Agropecuaria - INTA,
Fecha de publicación, distribución, etc. 2012.
300 ## - DESCRIPCION FISICA
Extensión 10, 3, 36, 28, 38, 32, 18, 34, 30, 30, 1, 5, 14, 12 páginas con numeración varia :
Otros detalles físicos ilustraciones y fotografías a color ;
Dimensiones 19 x 30 centímetros
500 ## - NOTA GENERAL
Nota general Recurso con 291 páginas con numeración varia.
650 #6 - ASIENTO SECUNDARIO DE MATERIA - TERMINO TEMATICO
Término temático o nombre geográfico como elemento de entrada Recursos nautrales
9 (RLIN) 64519
650 #6 - ASIENTO SECUNDARIO DE MATERIA - TERMINO TEMATICO
Término temático o nombre geográfico como elemento de entrada Recursos naturales
Subdivisión general monitoreo
9 (RLIN) 64520
650 #6 - ASIENTO SECUNDARIO DE MATERIA - TERMINO TEMATICO
Término temático o nombre geográfico como elemento de entrada Fauna
Subdivisión general monitoreo
9 (RLIN) 64521
650 #6 - ASIENTO SECUNDARIO DE MATERIA - TERMINO TEMATICO
Término temático o nombre geográfico como elemento de entrada Flora
Subdivisión general monitoreo
9 (RLIN) 64522
650 #6 - ASIENTO SECUNDARIO DE MATERIA - TERMINO TEMATICO
Término temático o nombre geográfico como elemento de entrada Suelo
Subdivisión general monitoreo
9 (RLIN) 64523
700 1# - ASIENTO SECUNDARIO - NOMBRE PERSONAL
Nombre personal Decarre, Julieta
Término de relación autora
9 (RLIN) 64400
700 1# - ASIENTO SECUNDARIO - NOMBRE PERSONAL
Nombre personal Goijman, Andrea
Término de relación autora
9 (RLIN) 64401
700 1# - ASIENTO SECUNDARIO - NOMBRE PERSONAL
Nombre personal Suárez, Romina
Término de relación autora
9 (RLIN) 64402
700 1# - ASIENTO SECUNDARIO - NOMBRE PERSONAL
Nombre personal Solari, Laura
Término de relación autora
9 (RLIN) 64403
700 1# - ASIENTO SECUNDARIO - NOMBRE PERSONAL
Nombre personal de Carli, Ricardo
Término de relación autor
9 (RLIN) 64404
700 1# - ASIENTO SECUNDARIO - NOMBRE PERSONAL
Nombre personal Calamari, Noelia
Término de relación autora
9 (RLIN) 64405
700 1# - ASIENTO SECUNDARIO - NOMBRE PERSONAL
Nombre personal Bernardos, Jaime
Término de relación autor
9 (RLIN) 64406
700 1# - ASIENTO SECUNDARIO - NOMBRE PERSONAL
Nombre personal Panigatti, José Luis
Término de relación autora
9 (RLIN) 58622
700 1# - ASIENTO SECUNDARIO - NOMBRE PERSONAL
Nombre personal Vitti, Daniela
Término de relación autora
9 (RLIN) 64407
700 1# - ASIENTO SECUNDARIO - NOMBRE PERSONAL
Nombre personal Salto, César
Término de relación autor
9 (RLIN) 64408
700 1# - ASIENTO SECUNDARIO - NOMBRE PERSONAL
Nombre personal Luiselli, Silvia
Término de relación autora
9 (RLIN) 64409
700 1# - ASIENTO SECUNDARIO - NOMBRE PERSONAL
Nombre personal Carmona, Dora
Término de relación autora
9 (RLIN) 64410
700 1# - ASIENTO SECUNDARIO - NOMBRE PERSONAL
Nombre personal Canevari, Marcelo
Término de relación autor
9 (RLIN) 45987
942 ## - ELEMENTOS ADICIONALES (KOHA)
Sistema de clasificación Dewey Decimal Classification
Tipo de ítem Libro
Existencias
Withdrawn status Lost status Sistema de Clasificación Damaged status No para préstamo Colección Inventariado Ubicación Permanente Ubicación actual Fecha de adquisición Fuente de Valor Valor Total Checkouts Número topográfico Inventario / Código de Barras Date last seen Ejemplar Price effective from Forma de adquisición Tipo de material
    Dewey Decimal Classification     General Inventariado 2017 Bogotá Bogotá 17/03/2016 Instituto 39000.00   LB-333.7 Z13m 039888 17/03/2016 Ej. 1 17/03/2016   Libro